The Englishman's daughter / (Record no. 350247)

000 -LEADER
fixed length control field 00635pam a2200229 a 4500
001 - CONTROL NUMBER
control field 4697167
003 - CONTROL NUMBER IDENTIFIER
control field OSt
005 - DATE AND TIME OF LATEST TRANSACTION
control field 20180116183010.0
008 - FIXED-LENGTH DATA ELEMENTS--GENERAL INFORMATION
fixed length control field 820820s1983 nyu 000 1 eng
010 ## - LIBRARY OF CONGRESS CONTROL NUMBER
LC control number 82016532
020 ## - INTERNATIONAL STANDARD BOOK NUMBER
International Standard Book Number 0394530365
040 ## - CATALOGING SOURCE
Original cataloging agency DLC
Transcribing agency DLC
Modifying agency DLC
050 00 - LIBRARY OF CONGRESS CALL NUMBER
Classification number PR6055.V218
Item number E9 1983
082 00 - DEWEY DECIMAL CLASSIFICATION NUMBER
Classification number 823/.914 EVA 1984
Edition number 19
100 1# - MAIN ENTRY--PERSONAL NAME
Personal name Evans, Peter,
Dates associated with a name 1933 December 10-
245 14 - TITLE STATEMENT
Title The Englishman's daughter /
Statement of responsibility, etc. Peter Evans.
250 ## - EDITION STATEMENT
Edition statement 1st ed.
260 ## - PUBLICATION, DISTRIBUTION, ETC.
Place of publication, distribution, etc. New York :
Name of publisher, distributor, etc. Random House,
Date of publication, distribution, etc. c1983.
300 ## - PHYSICAL DESCRIPTION
Extent 238 p. ;
Dimensions 24 cm.
Other physical details PB
906 ## - LOCAL DATA ELEMENT F, LDF (RLIN)
a 7
b cbc
c orignew
d 1
e ocip
f 19
g y-gencatlg
942 ## - ADDED ENTRY ELEMENTS (KOHA)
Source of classification or shelving scheme
Koha item type Book
Holdings
Withdrawn status Lost status Source of classification or shelving scheme Damaged status Not for loan Collection code Permanent Location Current Location Shelving location Date acquired Total Checkouts Full call number Barcode Date last seen Price effective from Koha item type
            Central Library (CL) Central Library (CL) Fiction 09/03/2015   823/.914 EVA 1984 NBSD-2042 09/03/2015 09/03/2015 Book
© 2023 Central Library, National University of Sciences and Technology. All Rights Reserved.